<?xml version="1.0" encoding="UTF-8"?>
<collection xmlns="http://www.loc.gov/MARC21/slim">
<record>
  <controlfield tag="001">88952</controlfield>
  <controlfield tag="005">20230301175521.0</controlfield>
  <datafield tag="024" ind1="7" ind2=" ">
    <subfield code="a">G:(EU-Grant)603993</subfield>
    <subfield code="d">603993</subfield>
    <subfield code="2">CORDIS</subfield>
  </datafield>
  <datafield tag="024" ind1="7" ind2=" ">
    <subfield code="a">G:(EU-Call)FP7-SEC-2013-1</subfield>
    <subfield code="d">FP7-SEC-2013-1</subfield>
    <subfield code="2">CORDIS</subfield>
  </datafield>
  <datafield tag="024" ind1="7" ind2=" ">
    <subfield code="a">corda_______::603993</subfield>
    <subfield code="2">originalID</subfield>
  </datafield>
  <datafield tag="035" ind1=" " ind2=" ">
    <subfield code="a">G:(EU-Grant)603993</subfield>
  </datafield>
  <datafield tag="150" ind1=" " ind2=" ">
    <subfield code="a">Consistently Optimised Resilient Secure Global Supply-Chains</subfield>
    <subfield code="y">2014-05-01 - 2018-06-30</subfield>
  </datafield>
  <datafield tag="371" ind1=" " ind2=" ">
    <subfield code="a">dbh Logistics IT AG</subfield>
    <subfield code="d">Germany</subfield>
    <subfield code="e">http://www.dbh.de</subfield>
    <subfield code="v">CORDIS</subfield>
  </datafield>
  <datafield tag="371" ind1=" " ind2=" ">
    <subfield code="a">CONEX SA</subfield>
    <subfield code="d">France</subfield>
    <subfield code="e">http://www.conex.net</subfield>
    <subfield code="v">CORDIS</subfield>
  </datafield>
  <datafield tag="371" ind1=" " ind2=" ">
    <subfield code="a">NEDERLANDSE ORGANISATIE VOOR TOEGEPAST NATUURWETENSCHAPPELIJK ONDERZOEK TNO</subfield>
    <subfield code="b">NETHERLANDS ORGANISATION FORAPPLIED SCIENTIFIC RESEARCH</subfield>
    <subfield code="d">Netherlands</subfield>
    <subfield code="e">http://www.tno.nl</subfield>
    <subfield code="v">CORDIS</subfield>
  </datafield>
  <datafield tag="371" ind1=" " ind2=" ">
    <subfield code="a">Georgia Tech Research Corporation</subfield>
    <subfield code="b">GTRC</subfield>
    <subfield code="d">United States</subfield>
    <subfield code="e">http://www.gtrc.gatech.edu</subfield>
    <subfield code="v">CORDIS</subfield>
  </datafield>
  <datafield tag="371" ind1=" " ind2=" ">
    <subfield code="a">TELESPAZIO SPA</subfield>
    <subfield code="b">TELESPAZIO SPA</subfield>
    <subfield code="d">Italy</subfield>
    <subfield code="e">http://www.telespazio.it</subfield>
    <subfield code="v">CORDIS</subfield>
  </datafield>
  <datafield tag="371" ind1=" " ind2=" ">
    <subfield code="a">TTS Italia</subfield>
    <subfield code="b">TTS Italia</subfield>
    <subfield code="d">Italy</subfield>
    <subfield code="e">http://www.ttsitalia.it/</subfield>
    <subfield code="v">CORDIS</subfield>
  </datafield>
  <datafield tag="371" ind1=" " ind2=" ">
    <subfield code="a">BRIMATECH SERVICES GMBH</subfield>
    <subfield code="d">Austria</subfield>
    <subfield code="e">http://www.brimatech.at</subfield>
    <subfield code="v">CORDIS</subfield>
  </datafield>
  <datafield tag="371" ind1=" " ind2=" ">
    <subfield code="a">IRU PROJECTS ASBL</subfield>
    <subfield code="d">Belgium</subfield>
    <subfield code="e">http://www.iru.org</subfield>
    <subfield code="v">CORDIS</subfield>
  </datafield>
  <datafield tag="371" ind1=" " ind2=" ">
    <subfield code="a">MARITIME CARGO PROCESSING PLC</subfield>
    <subfield code="b">MCP</subfield>
    <subfield code="d">United Kingdom</subfield>
    <subfield code="e">http://www.mcpplc.com</subfield>
    <subfield code="v">CORDIS</subfield>
  </datafield>
  <datafield tag="371" ind1=" " ind2=" ">
    <subfield code="a">TRANS SESE SOCIEDAD LIMITADA</subfield>
    <subfield code="b">Trans Sesé S.L.</subfield>
    <subfield code="d">Spain</subfield>
    <subfield code="e">http://www.gruposese.com</subfield>
    <subfield code="v">CORDIS</subfield>
  </datafield>
  <datafield tag="371" ind1=" " ind2=" ">
    <subfield code="a">Italian Ministry of Infrastructure and Transports</subfield>
    <subfield code="b">MIT</subfield>
    <subfield code="d">Italy</subfield>
    <subfield code="e">http://www.trasporti.gov.it</subfield>
    <subfield code="v">CORDIS</subfield>
  </datafield>
  <datafield tag="371" ind1=" " ind2=" ">
    <subfield code="a">TERMINAL MARITIMA DE ZARAGOZA SL</subfield>
    <subfield code="b">TMZ</subfield>
    <subfield code="d">Spain</subfield>
    <subfield code="e">http://www.tmzaragoza.com</subfield>
    <subfield code="v">CORDIS</subfield>
  </datafield>
  <datafield tag="371" ind1=" " ind2=" ">
    <subfield code="a">CLICK &amp; FIND S.R.L</subfield>
    <subfield code="b">C&amp;F</subfield>
    <subfield code="d">Italy</subfield>
    <subfield code="e">http://www.clickandfind.it</subfield>
    <subfield code="v">CORDIS</subfield>
  </datafield>
  <datafield tag="371" ind1=" " ind2=" ">
    <subfield code="a">LOGIT SYSTEMS BVBA</subfield>
    <subfield code="b">Logit</subfield>
    <subfield code="d">Belgium</subfield>
    <subfield code="e">http://www.logit-systems.com</subfield>
    <subfield code="v">CORDIS</subfield>
  </datafield>
  <datafield tag="371" ind1=" " ind2=" ">
    <subfield code="a">MAJORCA SPA</subfield>
    <subfield code="b">MAJORCA SPA</subfield>
    <subfield code="d">Italy</subfield>
    <subfield code="e">http://www.majorca.it</subfield>
    <subfield code="v">CORDIS</subfield>
  </datafield>
  <datafield tag="371" ind1=" " ind2=" ">
    <subfield code="a">LA SPEZIA CONTAINER TERMINAL SPA</subfield>
    <subfield code="b">LSCT</subfield>
    <subfield code="d">Italy</subfield>
    <subfield code="e">http://www.contshipitalia.com</subfield>
    <subfield code="v">CORDIS</subfield>
  </datafield>
  <datafield tag="371" ind1=" " ind2=" ">
    <subfield code="a">CUSTOMS CO-OPERATION COUNCIL</subfield>
    <subfield code="b">WORLD CUSTOMS ORGANIZATION</subfield>
    <subfield code="d">Belgium</subfield>
    <subfield code="e">http://www.wcoomd</subfield>
    <subfield code="v">CORDIS</subfield>
  </datafield>
  <datafield tag="371" ind1=" " ind2=" ">
    <subfield code="a">LOGIT ONE NV</subfield>
    <subfield code="b">Logit One</subfield>
    <subfield code="d">Belgium</subfield>
    <subfield code="e">http://www.logit-one.com</subfield>
    <subfield code="v">CORDIS</subfield>
  </datafield>
  <datafield tag="371" ind1=" " ind2=" ">
    <subfield code="a">METRO SHIPPING LIMITED</subfield>
    <subfield code="b">METRO</subfield>
    <subfield code="d">United Kingdom</subfield>
    <subfield code="e">http://www.metroshipping.co.uk</subfield>
    <subfield code="v">CORDIS</subfield>
  </datafield>
  <datafield tag="371" ind1=" " ind2=" ">
    <subfield code="a">CERAMICHE CAESAR SPA</subfield>
    <subfield code="b">CERAMICHE CAESAR SPA</subfield>
    <subfield code="d">Italy</subfield>
    <subfield code="e">http://www.caesar.it</subfield>
    <subfield code="v">CORDIS</subfield>
  </datafield>
  <datafield tag="371" ind1=" " ind2=" ">
    <subfield code="a">LOGISTIEK ZONDER PAPIER BV</subfield>
    <subfield code="b">LZP</subfield>
    <subfield code="d">Netherlands</subfield>
    <subfield code="e">http://www.lzp.nl</subfield>
    <subfield code="v">CORDIS</subfield>
  </datafield>
  <datafield tag="371" ind1=" " ind2=" ">
    <subfield code="a">COOPERATIEVE BLOEMENVEILING FLORAHOLLAND U.A.</subfield>
    <subfield code="b">FLORAHOLLA</subfield>
    <subfield code="d">Netherlands</subfield>
    <subfield code="v">CORDIS</subfield>
  </datafield>
  <datafield tag="371" ind1=" " ind2=" ">
    <subfield code="a">Uniserve (Holdings) Limited</subfield>
    <subfield code="b">UNISERVE HOLDINGS LIMITED</subfield>
    <subfield code="d">United Kingdom</subfield>
    <subfield code="e">http://www.uniservegroup.co.uk</subfield>
    <subfield code="v">CORDIS</subfield>
  </datafield>
  <datafield tag="371" ind1=" " ind2=" ">
    <subfield code="a">ICONTROL INCORPORATED</subfield>
    <subfield code="b">ICONTROL</subfield>
    <subfield code="d">United States</subfield>
    <subfield code="e">http://www.icontrol-inc.com</subfield>
    <subfield code="v">CORDIS</subfield>
  </datafield>
  <datafield tag="371" ind1=" " ind2=" ">
    <subfield code="a">SEABRIDGE NV</subfield>
    <subfield code="d">Belgium</subfield>
    <subfield code="e">http://www.seabridge.eu</subfield>
    <subfield code="v">CORDIS</subfield>
  </datafield>
  <datafield tag="371" ind1=" " ind2=" ">
    <subfield code="a">SUNWELL TECHNOLOGIES INC</subfield>
    <subfield code="b">SUNWELL TECHNOLOGIES INC</subfield>
    <subfield code="d">Canada</subfield>
    <subfield code="e">http://www.sunwell.com</subfield>
    <subfield code="v">CORDIS</subfield>
  </datafield>
  <datafield tag="371" ind1=" " ind2=" ">
    <subfield code="a">SO.GE.MAR. SOCIETA GENERALE MAGAZZINI RACCORDATI INTERPORTO SPA</subfield>
    <subfield code="b">SOGEMAR</subfield>
    <subfield code="d">Italy</subfield>
    <subfield code="e">http://www.contshipitalia.com</subfield>
    <subfield code="v">CORDIS</subfield>
  </datafield>
  <datafield tag="371" ind1=" " ind2=" ">
    <subfield code="a">HOYER (SVIZZERA) SA</subfield>
    <subfield code="b">HOYER SCHWEIZ AG HOYER SUISSE SA</subfield>
    <subfield code="d">Switzerland</subfield>
    <subfield code="e">http://www.hoyer-group.com</subfield>
    <subfield code="v">CORDIS</subfield>
  </datafield>
  <datafield tag="371" ind1=" " ind2=" ">
    <subfield code="a">ADVANCED TRACK AND TRACE SA</subfield>
    <subfield code="b">ATT</subfield>
    <subfield code="d">France</subfield>
    <subfield code="e">http://www.att-fr.com</subfield>
    <subfield code="v">CORDIS</subfield>
  </datafield>
  <datafield tag="371" ind1=" " ind2=" ">
    <subfield code="a">BAP LOGISTICS LTD</subfield>
    <subfield code="d">United Kingdom</subfield>
    <subfield code="e">http://www.bapgroup.ltd.uk</subfield>
    <subfield code="v">CORDIS</subfield>
  </datafield>
  <datafield tag="371" ind1=" " ind2=" ">
    <subfield code="a">Senator fuer Wirtschaft und Haefen Bremen</subfield>
    <subfield code="b">SWH Bremen</subfield>
    <subfield code="d">Germany</subfield>
    <subfield code="e">http://www.wirtschaft.bremen.de</subfield>
    <subfield code="v">CORDIS</subfield>
  </datafield>
  <datafield tag="371" ind1=" " ind2=" ">
    <subfield code="a">EUROPEAN INTERMODAL ASSOCIATION</subfield>
    <subfield code="b">EIA</subfield>
    <subfield code="d">Belgium</subfield>
    <subfield code="e">http://www.eia-ngo.com</subfield>
    <subfield code="v">CORDIS</subfield>
  </datafield>
  <datafield tag="371" ind1=" " ind2=" ">
    <subfield code="a">DHL EXEL SUPPLY CHAIN SPAIN SL</subfield>
    <subfield code="b">DHL EXEL</subfield>
    <subfield code="d">Spain</subfield>
    <subfield code="e">http://www.dhl.es</subfield>
    <subfield code="v">CORDIS</subfield>
  </datafield>
  <datafield tag="371" ind1=" " ind2=" ">
    <subfield code="a">SMITHS HEIMANN SAS</subfield>
    <subfield code="b">SmithsD</subfield>
    <subfield code="d">France</subfield>
    <subfield code="e">http://www.smithsdetection.com</subfield>
    <subfield code="v">CORDIS</subfield>
  </datafield>
  <datafield tag="371" ind1=" " ind2=" ">
    <subfield code="a">Copenhagen Business School</subfield>
    <subfield code="b">CBS</subfield>
    <subfield code="d">Denmark</subfield>
    <subfield code="e">http://www.cbs.dk/en</subfield>
    <subfield code="v">CORDIS</subfield>
  </datafield>
  <datafield tag="371" ind1=" " ind2=" ">
    <subfield code="a">ATOS SPAIN SA</subfield>
    <subfield code="b">ATOS</subfield>
    <subfield code="d">Spain</subfield>
    <subfield code="e">http://www.atos.net</subfield>
    <subfield code="v">CORDIS</subfield>
  </datafield>
  <datafield tag="371" ind1=" " ind2=" ">
    <subfield code="a">European Union Road Federation</subfield>
    <subfield code="b">ERF</subfield>
    <subfield code="d">Belgium</subfield>
    <subfield code="e">http://www.erf.be/</subfield>
    <subfield code="v">CORDIS</subfield>
  </datafield>
  <datafield tag="371" ind1=" " ind2=" ">
    <subfield code="a">Maersk (Denmark)</subfield>
    <subfield code="b">Maersk (Denmark)</subfield>
    <subfield code="d">Denmark</subfield>
    <subfield code="e">http://www.maersk.com/en</subfield>
    <subfield code="v">CORDIS</subfield>
  </datafield>
  <datafield tag="371" ind1=" " ind2=" ">
    <subfield code="a">eBOS Technologies (Cyprus)</subfield>
    <subfield code="b">eBOS Technologies (Cyprus)</subfield>
    <subfield code="d">Cyprus</subfield>
    <subfield code="v">CORDIS</subfield>
  </datafield>
  <datafield tag="371" ind1=" " ind2=" ">
    <subfield code="a">The Project Zoo Limited</subfield>
    <subfield code="b">APG</subfield>
    <subfield code="d">United Kingdom</subfield>
    <subfield code="e">http://www.securityprojectsltd.co.uk</subfield>
    <subfield code="v">CORDIS</subfield>
  </datafield>
  <datafield tag="371" ind1=" " ind2=" ">
    <subfield code="a">TRUSTEES OF PURDUE UNIVERSITY</subfield>
    <subfield code="b">PURDUE UNIVERSITY</subfield>
    <subfield code="d">United States</subfield>
    <subfield code="v">CORDIS</subfield>
  </datafield>
  <datafield tag="371" ind1=" " ind2=" ">
    <subfield code="a">CONSORZIO IB INNOVATION</subfield>
    <subfield code="b">IBI</subfield>
    <subfield code="d">Italy</subfield>
    <subfield code="e">http://ibinnovation@bo.interporto.it</subfield>
    <subfield code="v">CORDIS</subfield>
  </datafield>
  <datafield tag="371" ind1=" " ind2=" ">
    <subfield code="a">EUROPEAN COUNCIL OF TRANSPORT USERS (EUROPEAN SHIPPERS COUNCIL)</subfield>
    <subfield code="b">ECTU (ESC)</subfield>
    <subfield code="d">Belgium</subfield>
    <subfield code="e">http://www.europeanshippers.eu</subfield>
    <subfield code="v">CORDIS</subfield>
  </datafield>
  <datafield tag="371" ind1=" " ind2=" ">
    <subfield code="a">Seacon Venlo Expeditie B.V.</subfield>
    <subfield code="b">SEACON</subfield>
    <subfield code="d">Netherlands</subfield>
    <subfield code="e">http://www.seaconlogistics.com</subfield>
    <subfield code="v">CORDIS</subfield>
  </datafield>
  <datafield tag="371" ind1=" " ind2=" ">
    <subfield code="a">EUROPEAN ORGANISATION FOR SECURITY SCRL</subfield>
    <subfield code="b">EOS</subfield>
    <subfield code="d">Belgium</subfield>
    <subfield code="e">http://www.eos-eu.com</subfield>
    <subfield code="v">CORDIS</subfield>
  </datafield>
  <datafield tag="371" ind1=" " ind2=" ">
    <subfield code="a">Enide Solutions (Spain)</subfield>
    <subfield code="b">Enide Solutions (Spain)</subfield>
    <subfield code="d">Spain</subfield>
    <subfield code="v">CORDIS</subfield>
  </datafield>
  <datafield tag="371" ind1=" " ind2=" ">
    <subfield code="a">Institut für Seeverkehrswirtschaft und Logistik</subfield>
    <subfield code="b">ISL</subfield>
    <subfield code="d">Germany</subfield>
    <subfield code="e">http://www.isl.org/en/home</subfield>
    <subfield code="v">CORDIS</subfield>
  </datafield>
  <datafield tag="371" ind1=" " ind2=" ">
    <subfield code="a">INTRASOFT INTERNATIONAL SA</subfield>
    <subfield code="d">Luxembourg</subfield>
    <subfield code="e">http://www.intrasoft-intl.com</subfield>
    <subfield code="v">CORDIS</subfield>
  </datafield>
  <datafield tag="371" ind1=" " ind2=" ">
    <subfield code="a">INSTYTUT LOGISTYKI I MAGAZYNOWANIA</subfield>
    <subfield code="b">ILiM</subfield>
    <subfield code="d">Poland</subfield>
    <subfield code="e">http://www.ilim.poznan.pl</subfield>
    <subfield code="v">CORDIS</subfield>
  </datafield>
  <datafield tag="371" ind1=" " ind2=" ">
    <subfield code="a">Zaragoza Logistics Center</subfield>
    <subfield code="b">ZLC</subfield>
    <subfield code="d">Spain</subfield>
    <subfield code="e">https://www.zlc.edu.es/</subfield>
    <subfield code="v">CORDIS</subfield>
  </datafield>
  <datafield tag="371" ind1=" " ind2=" ">
    <subfield code="a">JRC -JOINT RESEARCH CENTRE- EUROPEAN COMMISSION</subfield>
    <subfield code="b">JRC</subfield>
    <subfield code="d">Belgium</subfield>
    <subfield code="e">https://ec.europa.eu/jrc</subfield>
    <subfield code="v">CORDIS</subfield>
  </datafield>
  <datafield tag="371" ind1=" " ind2=" ">
    <subfield code="a">Center for Security Studies</subfield>
    <subfield code="b">Center for Security Studies</subfield>
    <subfield code="d">Greece</subfield>
    <subfield code="v">CORDIS</subfield>
  </datafield>
  <datafield tag="371" ind1=" " ind2=" ">
    <subfield code="a">VLTN GCV</subfield>
    <subfield code="b">VLTN</subfield>
    <subfield code="d">Belgium</subfield>
    <subfield code="e">http://www.vltn.be</subfield>
    <subfield code="v">CORDIS</subfield>
  </datafield>
  <datafield tag="371" ind1=" " ind2=" ">
    <subfield code="a">MINISTERIE VAN FINANCIEN</subfield>
    <subfield code="d">Netherlands</subfield>
    <subfield code="e">http://www.belastingdienst.nl</subfield>
    <subfield code="v">CORDIS</subfield>
  </datafield>
  <datafield tag="371" ind1=" " ind2=" ">
    <subfield code="a">HM Revenue &amp; Customs</subfield>
    <subfield code="b">HMRC</subfield>
    <subfield code="d">United Kingdom</subfield>
    <subfield code="v">CORDIS</subfield>
  </datafield>
  <datafield tag="371" ind1=" " ind2=" ">
    <subfield code="a">Swedish Defence Research Agency</subfield>
    <subfield code="b">FOI</subfield>
    <subfield code="d">Sweden</subfield>
    <subfield code="e">http://www.foi.se/en/</subfield>
    <subfield code="v">CORDIS</subfield>
  </datafield>
  <datafield tag="371" ind1=" " ind2=" ">
    <subfield code="a">MINISTERIE VAN BINNENLANDSE ZAKEN EN KONINKRIJKSRELATIES</subfield>
    <subfield code="d">Netherlands</subfield>
    <subfield code="e">http://www.minbzk.nl</subfield>
    <subfield code="v">CORDIS</subfield>
  </datafield>
  <datafield tag="371" ind1=" " ind2=" ">
    <subfield code="a">Cross-Border Research Association</subfield>
    <subfield code="b">CBRA</subfield>
    <subfield code="d">Switzerland</subfield>
    <subfield code="e">http://www.cross-border.org/</subfield>
    <subfield code="v">CORDIS</subfield>
  </datafield>
  <datafield tag="371" ind1=" " ind2=" ">
    <subfield code="a">CONCEPTIVITY SARL</subfield>
    <subfield code="b">CONCEPTIVITY</subfield>
    <subfield code="d">Switzerland</subfield>
    <subfield code="e">http://www.conceptivity.ch</subfield>
    <subfield code="v">CORDIS</subfield>
  </datafield>
  <datafield tag="371" ind1=" " ind2=" ">
    <subfield code="a">PROCTER &amp; GAMBLE SERVICES COMPANY NV</subfield>
    <subfield code="b">PGBS</subfield>
    <subfield code="d">Belgium</subfield>
    <subfield code="e">http://www.pg.com</subfield>
    <subfield code="v">CORDIS</subfield>
  </datafield>
  <datafield tag="371" ind1=" " ind2=" ">
    <subfield code="a">Eindhoven University of Technology</subfield>
    <subfield code="b">TU/e</subfield>
    <subfield code="d">Netherlands</subfield>
    <subfield code="e">http://www.tue.nl/</subfield>
    <subfield code="v">CORDIS</subfield>
  </datafield>
  <datafield tag="371" ind1=" " ind2=" ">
    <subfield code="a">CLMS (UK) LIMITED</subfield>
    <subfield code="b">CLMS</subfield>
    <subfield code="d">United Kingdom</subfield>
    <subfield code="e">http://www.clmsuk.com</subfield>
    <subfield code="v">CORDIS</subfield>
  </datafield>
  <datafield tag="371" ind1=" " ind2=" ">
    <subfield code="a">Clecat - European Association for Forwarding, Transport, Logistics and Customs Service</subfield>
    <subfield code="b">CLECAT</subfield>
    <subfield code="d">Belgium</subfield>
    <subfield code="e">http://www.clecat.org</subfield>
    <subfield code="v">CORDIS</subfield>
  </datafield>
  <datafield tag="371" ind1=" " ind2=" ">
    <subfield code="a">THE NATIONAL POLICE OF THE NETHERLANDS</subfield>
    <subfield code="b">NATIONAL POLICE NETHERLANDS-NPN</subfield>
    <subfield code="d">Netherlands</subfield>
    <subfield code="e">http://www.politie.nl</subfield>
    <subfield code="v">CORDIS</subfield>
  </datafield>
  <datafield tag="371" ind1=" " ind2=" ">
    <subfield code="a">MINISTERE DE L'ECOLOGIE DU DEVELOPPEMENT DURABLE DES TRANSPORTS ET DU LOGEMENT</subfield>
    <subfield code="b">MEEM</subfield>
    <subfield code="d">France</subfield>
    <subfield code="e">http://www.developpement-durable.gouv.fr/</subfield>
    <subfield code="v">CORDIS</subfield>
  </datafield>
  <datafield tag="371" ind1=" " ind2=" ">
    <subfield code="a">BMT Group Ltd (UK)</subfield>
    <subfield code="b">BMT</subfield>
    <subfield code="d">United Kingdom</subfield>
    <subfield code="e">http://www.mastgrp.com</subfield>
    <subfield code="v">CORDIS</subfield>
  </datafield>
  <datafield tag="371" ind1=" " ind2=" ">
    <subfield code="a">International Criminal Police Organization</subfield>
    <subfield code="b">ICPO</subfield>
    <subfield code="d">France</subfield>
    <subfield code="e">http://www.interpol.int/</subfield>
    <subfield code="v">CORDIS</subfield>
  </datafield>
  <datafield tag="371" ind1=" " ind2=" ">
    <subfield code="a">Portic Barcelona</subfield>
    <subfield code="b">Portic Barcelona</subfield>
    <subfield code="d">Spain</subfield>
    <subfield code="e">http://www.portic.net/</subfield>
    <subfield code="v">CORDIS</subfield>
  </datafield>
  <datafield tag="371" ind1=" " ind2=" ">
    <subfield code="a">Descartes (Belgium)</subfield>
    <subfield code="b">Descartes (Belgium)</subfield>
    <subfield code="d">Belgium</subfield>
    <subfield code="e">https://www.descartes.com/</subfield>
    <subfield code="v">CORDIS</subfield>
  </datafield>
  <datafield tag="371" ind1=" " ind2=" ">
    <subfield code="a">BSH ELECTRODOMESTICOS ESPANA SA</subfield>
    <subfield code="b">BSH</subfield>
    <subfield code="d">Spain</subfield>
    <subfield code="e">http://www.bshg.com</subfield>
    <subfield code="v">CORDIS</subfield>
  </datafield>
  <datafield tag="371" ind1=" " ind2=" ">
    <subfield code="a">Service Public Fédéral Intérieur</subfield>
    <subfield code="b">Service Public Fédéral Intérieur</subfield>
    <subfield code="d">Belgium</subfield>
    <subfield code="e">http://www.ibz.be/</subfield>
    <subfield code="v">CORDIS</subfield>
  </datafield>
  <datafield tag="371" ind1=" " ind2=" ">
    <subfield code="a">Delft University of Technology</subfield>
    <subfield code="b">Delft University of Technology</subfield>
    <subfield code="d">Netherlands</subfield>
    <subfield code="e">http://www.tudelft.nl/en/</subfield>
    <subfield code="v">CORDIS</subfield>
  </datafield>
  <datafield tag="371" ind1=" " ind2=" ">
    <subfield code="a">NEDERLANDSE VOEDSEL EN WARENAUTORITEIT</subfield>
    <subfield code="d">Netherlands</subfield>
    <subfield code="e">http://www.nvwa.nl</subfield>
    <subfield code="v">CORDIS</subfield>
  </datafield>
  <datafield tag="371" ind1=" " ind2=" ">
    <subfield code="a">IBM DANMARK APS</subfield>
    <subfield code="b">IBMDK INTERNATIONALBUSINESS MACHINES RESPONSOR IBM GLOBAL SERVICES IBM GLOBAL FINANCINGIBM SERVICE D</subfield>
    <subfield code="d">Denmark</subfield>
    <subfield code="e">http://www.ibm.com/dk/da/</subfield>
    <subfield code="v">CORDIS</subfield>
  </datafield>
  <datafield tag="371" ind1=" " ind2=" ">
    <subfield code="a">MJC2 Limited</subfield>
    <subfield code="b">MJC2</subfield>
    <subfield code="d">United Kingdom</subfield>
    <subfield code="e">http://www.mjc2.com</subfield>
    <subfield code="v">CORDIS</subfield>
  </datafield>
  <datafield tag="371" ind1=" " ind2=" ">
    <subfield code="a">Inlecom Systems (United Kingdom)</subfield>
    <subfield code="b">Inlecom Systems (United Kingdom)</subfield>
    <subfield code="d">United Kingdom</subfield>
    <subfield code="e">http://www.inlecom.com/</subfield>
    <subfield code="v">CORDIS</subfield>
  </datafield>
  <datafield tag="372" ind1=" " ind2=" ">
    <subfield code="a">FP7-SEC-2013-1</subfield>
    <subfield code="s">2014-05-01</subfield>
    <subfield code="t">2018-06-30</subfield>
  </datafield>
  <datafield tag="450" ind1=" " ind2=" ">
    <subfield code="a">CORE</subfield>
    <subfield code="w">d</subfield>
    <subfield code="y">2014-05-01 - 2018-06-30</subfield>
  </datafield>
  <datafield tag="510" ind1="1" ind2=" ">
    <subfield code="0">I:(DE-588b)5098525-5</subfield>
    <subfield code="a">European Union</subfield>
    <subfield code="2">CORDIS</subfield>
  </datafield>
  <datafield tag="909" ind1="C" ind2="O">
    <subfield code="o">oai:juser.fz-juelich.de:178764</subfield>
    <subfield code="p">authority:GRANT</subfield>
    <subfield code="p">authority</subfield>
  </datafield>
  <datafield tag="970" ind1=" " ind2=" ">
    <subfield code="a">oai:dnet:corda_______::ee8a6af60896ebb13a23cbedf249305a</subfield>
  </datafield>
  <datafield tag="980" ind1=" " ind2=" ">
    <subfield code="a">G</subfield>
  </datafield>
  <datafield tag="980" ind1=" " ind2=" ">
    <subfield code="a">CORDIS</subfield>
  </datafield>
  <datafield tag="980" ind1=" " ind2=" ">
    <subfield code="a">AUTHORITY</subfield>
  </datafield>
  <datafield tag="909" ind1="C" ind2="O">
    <subfield code="o">oai:juser.fz-juelich.de:178764</subfield>
  </datafield>
</record>
</collection>